Missing Word: Great Rulers Quiz Stats

 Plays Quiz Updated Jan 5, 2016

Challenge
Share
Tweet
Embed
Score 0/20 Timer 03:00
0 Plays Today
Location and Dates Name % Correct
Macedon, 323 BCAlexander the Great
96.3%
Russia, 1796 ADCatherine the Great
71.9%
Russia, 1725 ADPeter the Great
69.6%
Franks, 814 ADCharlemagne (Charles the Great)
49.4%
Wessex, 899 ADAlfred the Great
42.1%
Judea, 4 BCHerod the Great
38.7%
Prussia, 1786 ADFrederick the Great
33.4%
Rome, 337 ADConstantine the Great
33.3%
Persia, 486 BCDarius the Great
32.3%
Byzantium, 565 ADJustinian the Great
25%
Location and Dates Name % Correct
Persia, 530 BCCyrus the Great
23.1%
Egypt, 1213 BCRamesses the Great
22.2%
Rome, 48 BCPompey the Great
14.1%
Akkad, 2215 BCSargon the Great
7.9%
Kyiv, 1015 ADVladimir the Great
7.5%
Thailand, 1809 ADRama the Great
6.4%
Korea, 1450 ADSejong the Great
5.2%
Goths, 526 ADTheodoric the Great
4.7%
Aquitaine, 735 ADOdo the Great
4.1%
China, c 2100BCYu the Great
3.6%

Today's Daily Dose

You're not logged in!

Compare scores with friends on all Sporcle quizzes.
OR
Log In

You Might Also Like...

Show Comments

Extras

Top Quizzes Today


Score Distribution

Your Account Isn't Verified!

In order to create a playlist on Sporcle, you need to verify the email address you used during registration. Go to your Sporcle Settings to finish the process.

Report this User

Report this user for behavior that violates our Community Guidelines.

Details: